| 000 | 01282cam a2200373 4500 | ||
|---|---|---|---|
| 008 | 090401t1989 xxu||||| |||| 00| 0 eng d | ||
| 020 | _a0854064222 | ||
| 035 | _a(Sirsi) u48816 | ||
| 041 | _aeng | ||
| 050 | _a333.332 | ||
| 090 | _aRICS 1989/33 ABCD | ||
| 110 |
_aRoyal Institution of Chartered Surveyors _94900 |
||
| 245 | _aManual of Valuation guidance notes | ||
| 250 | _a2nd ed. | ||
| 260 |
_aLondon _bSurveyors Publications _c1989 |
||
| 300 | _alv,(looseleaf) ; 31cm. | ||
| 350 | _a34.95 | ||
| 520 | _aSUPERSEDED: Replaced by 3rd edition (RICS 1992/19). Valuation standards prepared by the Valuation and Rating Committee. This is the second edition of the Manual of Valuation Standards, which was published in 1980 and known as the Black Book. This edition was reprinted in August 1989, no amendments were made. | ||
| 650 | _aBLACK BOOK | ||
| 650 | _aGOODWILL | ||
| 650 | _aGUIDANCE NOTES | ||
| 650 | _aMINERAL VALUATION | ||
| 650 | _aMORTGAGE VALUATIONS | ||
| 650 | _aPLANT AND MACHINERY | ||
| 650 | _aREINSPECTIONS | ||
| 650 | _aREVALUATIONS | ||
| 650 | _aVALUATION GUIDANCE NOTES | ||
| 650 | _aVALUATION SURVEY | ||
| 650 | _aWATER RIGHTS | ||
| 650 | _aWHITE BOOK | ||
| 690 | _aRATING AND VALUATION | ||
| 942 | _n0 | ||
| 948 | _c04/03/1997 | ||
| 999 |
_c92414 _d92414 |
||